000 00738nam a2200229 a 4500
001 54594
003 BD-RjUL
005 20211209080137.0
008 161107s1966 enkaf b 000 0 eng
035 _a(BD-RjUL) 54716
040 _aDLC
_cWEL
_dBD-RjUL
_dSER
_beng
041 _aeng
082 _223
_a822.33
_bBRS 1966
100 1 _aBrown, John Russell.
_9162833
245 1 0 _aShakespeare's plays in performance /
_cJohn Russell Brown
260 _aLondon :
_bEdward Arnold,
_c1966.
300 _ax, 244 p. :
_billus. ;
_c23 cm
504 _aBibliographical footnotes
600 1 0 _aShakespeare, William,
_d1564-1616
_xTechnique.
_9162836
600 1 0 _aShakespeare, William,
_d1564-1616
_xStage history
_y1800-1950.
_9162837
942 _2ddc
_cBK
999 _c54594
_d54594